000 00571nam a22001817a 4500
999 _c191413
_d191413
005 20220825154338.0
010 _aENG-134655
020 _c165.00
_a9789391373320
035 _aEN-118187
037 _bDBAD/PUB
082 _a954.33
100 _aPK, Dipu
245 _aHistory of Travancore In Early 20th Century:
_bA Journey Through Autobiographies/
_cDipu PK
260 _aTamilnadu
_bShanlax publications
_c2021
270 _a61,66 T.P.K Main road, Vasantha nagar
_bMadurai
_e625003
300 _a71p.
_c22cm(pbk)
942 _2ddc
_cEN
_h954.33
_mDIP